Hajjinte Mathethara Darsanam (Record no. 107766)

MARC details
000 -LEADER
fixed length control field 00376nam a2200133Ia 4500
008 - FIXED-LENGTH DATA ELEMENTS--GENERAL INFORMATION
fixed length control field 211119s9999||||xx |||||||||||||| ||und||
082 ## - DEWEY DECIMAL CLASSIFICATION NUMBER
Classification number 297
Item number KEC-H
100 ## - MAIN ENTRY--PERSONAL NAME
Personal name Kecheri, Yousafali
245 #0 - TITLE STATEMENT
Title Hajjinte Mathethara Darsanam
260 ## - PUBLICATION, DISTRIBUTION, ETC.
Name of publisher, distributor, etc. Mathrubhoomi Books
Place of publication, distribution, etc. Kottayam
Date of publication, distribution, etc. 2008
300 ## - PHYSICAL DESCRIPTION
Extent 87p
650 ## - SUBJECT ADDED ENTRY--TOPICAL TERM
Topical term or geographic name entry element Hajj
942 ## - ADDED ENTRY ELEMENTS (KOHA)
Koha item type BOOK
650 ## - SUBJECT ADDED ENTRY--TOPICAL TERM
Form subdivision ReligionIslamEconomics
General subdivision PGR-GANDHIAN STUDIES
Holdings
Withdrawn status Lost status Damaged status Not for loan Home library Current library Date acquired Cost, normal purchase price Total Checkouts Full call number Barcode Shelving location Date last seen Price effective from Koha item type
        SB LIBRARY SB LIBRARY 19/11/2021 50.00   297 KEC-H 00121182 PGR-GANDHIAN STUDIES 19/11/2021 19/11/2021 BOOK

Powered by Koha